Ultimate U.S. Cities Quiz - Statistics

General Stats
  • This quiz has been taken 138 times
  • The average score is 82 of 132
Answer Stats
Population State City % Correct
8,804,190 New York New York
100%
2,746,388 Illinois Chicago
97%
3,898,747 California Los Angeles
97%
1,304,379 Texas Dallas
94%
2,304,580 Texas Houston
93%
442,241 Florida Miami
93%
641,903 Nevada Las Vegas
92%
1,603,797 Pennsylvania Philadelphia
92%
873,965 California San Francisco
92%
153,701 Mississippi Jackson
90%
1,608,139 Arizona Phoenix
89%
675,647 Massachusetts Boston
88%
715,522 Colorado Denver
88%
949,611 Florida Jacksonville
88%
1,386,932 California San Diego
88%
961,855 Texas Austin
87%
905,748 Ohio Columbus
87%
639,111 Michigan Detroit
87%
887,642 Indiana Indianapolis
87%
1,434,625 Texas San Antonio
87%
737,015 Washington Seattle
87%
689,545 District of Columbia Washington
87%
652,503 Oregon Portland
86%
508,090 Missouri Kansas City
83%
681,054 Oklahoma Oklahoma City
83%
689,447 Tennessee Nashville
82%
498,715 Georgia Atlanta
81%
585,708 Maryland Baltimore
80%
918,915 Texas Fort Worth
80%
301,578 Missouri St. Louis
80%
384,959 Florida Tampa
80%
874,579 North Carolina Charlotte
79%
309,317 Ohio Cincinnati
79%
429,954 Minnesota Minneapolis
79%
524,943 California Sacramento
79%
372,624 Ohio Cleveland
78%
383,997 Louisiana New Orleans
78%
467,665 North Carolina Raleigh
78%
633,104 Tennessee Memphis
77%
577,222 Wisconsin Milwaukee
77%
307,573 Florida Orlando
77%
564,559 New Mexico Albuquerque
76%
350,964 Hawaii Honolulu
73%
199,723 Utah Salt Lake City
73%
1,013,240 California San Jose
73%
678,815 Texas El Paso
72%
633,045 Kentucky Louisville
72%
486,051 Nebraska Omaha
72%
99,224 New York Albany
69%
32,255 Alaska Juneau
69%
291,082 Nebraska Lincoln
69%
311,527 Minnesota Saint Paul
69%
542,629 Arizona Tucson
69%
87,505 New Mexico Santa Fe
68%
202,591 Arkansas Little Rock
67%
291,247 Alaska Anchorage
66%
235,684 Idaho Boise
66%
278,349 New York Buffalo
66%
302,971 Pennsylvania Pittsburgh
66%
190,934 Rhode Island Providence
66%
114,394 Illinois Springfield
66%
227,470 Louisiana Baton Rouge
64%
121,054 Connecticut Hartford
64%
264,165 Nevada Reno
64%
126,587 Kansas Topeka
64%
413,066 Oklahoma Tulsa
64%
478,961 Colorado Colorado Springs
63%
214,133 Iowa Des Moines
63%
136,632 South Carolina Columbia
62%
196,169 Florida Tallahassee
62%
269,840 Wisconsin Madison
61%
226,610 Virginia Richmond
61%
459,470 Virginia Virginia Beach
61%
18,899 Maine Augusta
60%
175,535 Oregon Salem
60%
249,545 North Carolina Winston-Salem
60%
40,812 Maryland Annapolis
59%
48,864 West Virginia Charleston
59%
39,403 Delaware Dover
59%
90,871 New Jersey Trenton
59%
440,646 California Oakland
58%
58,639 Nevada Carson City
57%
65,132 Wyoming Cheyenne
57%
112,644 Michigan Lansing
57%
8,074 Vermont Montpelier
57%
270,871 Ohio Toledo
57%
542,107 California Fresno
56%
311,549 New Jersey Newark
56%
397,532 Kansas Wichita
56%
32,091 Montana Helena
53%
322,570 Kentucky Lexington
53%
28,602 Kentucky Frankfort
52%
14,091 South Dakota Pierre
52%
394,266 Texas Arlington
51%
50,099 Pennsylvania Harrisburg
51%
292,449 New Jersey Jersey City
51%
403,455 California Bakersfield
50%
200,603 Alabama Montgomery
50%
55,605 Washington Olympia
50%
346,824 California Anaheim
49%
317,863 Texas Corpus Christi
49%
73,622 North Dakota Bismarck
48%
43,976 New Hampshire Concord
48%
228,989 Washington Spokane
48%
283,506 North Carolina Durham
44%
504,258 Arizona Mesa
44%
43,228 Missouri Jefferson City
43%
466,742 California Long Beach
41%
386,261 Colorado Aurora
40%
257,141 Texas Lubbock
39%
262,527 Nevada North Las Vegas
39%
299,035 North Carolina Greensboro
38%
317,610 Nevada Henderson
38%
263,886 Indiana Fort Wayne
37%
248,325 Arizona Glendale
37%
238,005 Virginia Norfolk
37%
258,308 Florida St. Petersburg
36%
241,361 Arizona Scottsdale
31%
314,998 California Riverside
30%
275,987 Arizona Chandler
28%
307,670 California Irvine
27%
310,227 California Santa Ana
27%
285,494 Texas Plano
26%
267,918 Arizona Gilbert
24%
320,804 California Stockton
24%
249,422 Virginia Chesapeake
23%
255,205 Texas Laredo
23%
275,487 California Chula Vista
20%
256,684 Texas Irving
20%
230,504 California Fremont
16%
228,673 California Santa Clarita
13%
246,018 Texas Garland
12%
No matching quizzes found
Score Distribution
Percent of People with Each Score
Percentile by Number Answered
Your Score History
You have not taken this quiz